| 000 | 00644nam a22001937a 4500 | ||
|---|---|---|---|
| 003 | OSt | ||
| 005 | 20180116182957.0 | ||
| 008 | 140527b xxu||||| |||| 00| 0 eng d | ||
| 020 | _a0 | ||
| 040 |
_a0 _b0 _c0 |
||
| 082 | _a951 FOL 2010 | ||
| 100 | _a Ministry of Culture of the People's Republic of China | ||
| 110 | _aMinistry of Culture of the People's Republic of China | ||
| 245 |
_aChinese Folk Arts and Crafts _cMinistry of Culture of the People's Republic of China |
||
| 260 |
_aChina _bMinistry of Culture of the People's Republic of China _c2010 |
||
| 300 |
_a1 CD _bCD |
||
| 440 | _aChinese Folk Arts and Crafts | ||
| 942 |
_2ddc _cCS |
||
| 999 |
_c349684 _d349684 |
||